[Event "V. Korchnoy Memorial 2018"]
[Site "St. Petersburg"]
[Date "2018.08.18"]
[Round "4"]
[White "Kokarev, Dmitry"]
[Black "Savitskiy, Sergey"]
[Result "0-1"]
[WhiteElo "2608"]
[BlackElo "2418"]
[Annotator "RC"]
[PlyCount "90"]
[EventDate "2018.08.15"]
[EventType "swiss"]
[EventCountry "RUS"]
[SourceTitle "playchess.com"]
[Source "ChessBase"]
[SourceQuality "1"]
[TimeControl "5400+30"]

1. e4 {[%emt 0:00:00]} c5 {[%emt 0:00:00]} 2. Nf3 {[%emt 0:00:00]} d6 {[%emt 0:00:00]} 3. d4 {[%emt 0:00:00]} cxd4 {[%emt 0:00:00]} 4. Nxd4 {[%emt 0:00:00]} Nf6 {[%emt 0:00:00]} 5. Nc3 {[%emt 0:00:00]} Nc6 {[%emt 0:00:06]} 6. Bg5 {[%emt 0:00:06]} e6 {[%emt 0:00:21]} 7. Qd2 {[%emt 0:00:07]} a6 {[%emt 0:00:06]} 8. O-O-O {[%emt 0:00:15]} Bd7 {[%emt 0:00:37]} 9. f4 {[%emt 0:00:20]} Be7 {[%emt 0:00:28]} 10. Nf3 {[%emt 0:00:15]} b5 {[%emt 0:00:12]} 11. Bxf6 {[%emt 0:00:11]} gxf6 {[%emt 0:00:09]} 12. Kb1 {[%emt 0:00:28]} Qb6 {[%emt 0:00:41]} 13. f5 {[%emt 0:00:13]} Ne5 {[%emt 0:00:50]} 14. Nd4 {[%emt 0:00:56]} h5 {[%emt 0:00:59]} 15. Qe1 {[%emt 0:02:26]} Qb7 {[%emt 0:01:39]} 16. Qh4 {[%emt 0:09:29]} O-O-O {[%emt 0:10:56]} 17. a3 {[%emt 0:07:15]} Kb8 {[%emt 0:03:22]} 18. Be2 {[%emt 0:03:14]} Rc8 {[%emt 0:03:59]} 19. Qh3 {[%emt 0:00:33]} Rc7 {[%emt 0:03:39]} 20. Rhe1 {[%emt 0:02:54]} Ka8 {[%emt 0:19:51]} 21. Bf1 {[%emt 0:03:59]} Rhc8 {[%emt 0:39:17]} 22. Na2 {[%emt 0:04:21]} Nc4 {[%emt 0:05:07]} 23. Qxh5 {[%emt 0:05:16]} e5 {[%emt 0:01:47]} 24. Nb3 {[%emt 0:00:25]} d5 {[%emt 0:02:02]} 25. exd5 {[%emt 0:15:31]} Bxa3 {[%emt 0:01:43]} 26. bxa3 {[%emt 0:02:12]} Nxa3+ {[%emt 0:00:04]} 27. Kb2 {[%emt 0:00:04]} Rxc2+ {[%emt 0:00:18]} 28. Ka1 {[%emt 0:00:05]} Qb6 {[%emt 0:05:09]} 29. Bd3 {[%emt 0:02:51]} a5 {[%emt 0:00:33]} 30. Qg4 {[%emt 0:11:50]} b4 {[%emt 0:00:13]} 31. Rc1 {[%emt 0:02:04]} a4 {[%emt 0:00:45]} 32. Bxc2 {[%emt 0:06:49]} Nxc2+ {[%emt 0:00:10]} 33. Rxc2 {[%emt 0:01:52]} Rxc2 {[%emt 0:00:05]} 34. Nxb4 {[%emt 0:04:35]} axb3 {[%emt 0:00:14]} 35. d6 {[%emt 0:00:01]} Bxf5 {[%emt 0:01:25]} 36. Qf3+ {[%emt 0:00:01]} Kb8 {[%emt 0:00:27]} 37. Nxc2 {[%emt 0:00:28]} Qa5+ {[%emt 0:00:42]} 38. Kb2 {[%emt 0:00:07]} Qa2+ {[%emt 0:00:16]} 39. Kc3 {[%emt 0:00:06]} Qxc2+ {[%emt 0:00:08]} 40. Kb4 {[%emt 0:00:05]} b2 {[%emt 0:00:18]} 41. d7 {[%emt 0:00:57]} b1=Q+ {[%emt 0:00:29]} 42. Rxb1 {[%emt 0:00:06]} Qxb1+ {[%emt 0:00:02]} 43. Kc5 {[%emt 0:00:05]} Bxd7 {[%emt 0:00:19]} 44. Qxf6 {[%emt 0:00:00]} Qb5+ {[%emt 0:00:00]} 45. Kd6 {[%emt 0:00:00]} Qc6+ {[%emt 0:00:02]} 0-1

[Event "V. Korchnoy Memorial 2018"]
[Site "St. Petersburg"]
[Date "2018.08.18"]
[Round "4"]
[White "Mchedlishvili, Mikheil"]
[Black "Kjartansson, Gudmundur"]
[Result "1-0"]
[WhiteElo "2608"]
[BlackElo "2434"]
[Annotator "TA"]
[PlyCount "55"]
[EventDate "2018.08.15"]
[EventType "swiss"]
[EventCountry "RUS"]
[SourceTitle "playchess.com"]
[Source "ChessBase"]
[SourceQuality "1"]

{[%evp 18,55,-37,-35,0,0,6,0,0,0,1,-55,95,86,97,89,164,183,171,156,297,110,125,130,327,329,315,320,395,375,377,356,464,436,537,543,483,445,1460,1460]} 1. d4 d5 2. c4 e6 3. Nf3 Nf6 4. Nc3 c6 5. Bg5 {[%cal Bc1g5,Bg5h4,Bh4g3,Bg3e5][%mdl 32]} h6 6. Bh4 dxc4 7. e4 g5 8. Bg3 b5 9. h4 g4 {D43: Semi-Slav: 5 Bg5 h6} 10. Ne5 {LiveBook: 40 Games} Rg8 (10... Bb7 11. Nxg4 Nbd7 12. Nxf6+ Nxf6 13. Qf3 Rg8 14. Rd1 Be7 15. Be2 a6 16. O-O Ng4 17. e5 {½-½ (30) Anton Guijarro,D (2627)-Vallejo Pons,F (2713) Linares 2016}) 11. Be2 {[%cal Re5g4]} Nbd7 {The position is equal.} 12. Nxd7 (12. Nxc6 {is interesting.} Qb6 13. d5 Nc5 14. Qc2 Bb7 15. Ne5) 12... Qxd7 13. Be5 Be7 $146 ({Predecessor:} 13... Qe7 14. O-O Bb7 15. b3 b4 16. Na4 c3 17. a3 Nd7 18. Bg3 a5 19. Qd3 h5 20. Rfd1 Rg6 21. Qc2 {1-0 (21) Mirkowski,P (2383)-Denisov,T (2297) ICCF email 2017}) 14. O-O (14. Qd2 $11) 14... b4 (14... Bb7 $1 $15 {stays ahead.}) 15. Na4 $16 Nxe4 16. Qc2 c5 (16... f5 $16) 17. Qxe4 $18 Bb7 18. Qh7 (18. Nxc5 Bxe4 19. Nxd7 Kxd7 $11) 18... O-O-O (18... Rf8 $16 {keeps fighting.}) 19. Rfc1 $2 {[#]} (19. Nxc5 Bxc5 20. Rfc1 (20. dxc5 $2 Qd5 $19) 20... Bd6 $16) (19. Qxf7 Rdf8 $16) (19. Bxc4 $18 Qc6 20. d5 Qxa4 21. Qxf7) 19... Qxa4 $16 20. Rxc4 {[%cal Bc1c4,Bc4b4,Bb4b3,Bb3f3][%mdl 32]} Qe8 $2 (20... Qc6 $16 {was worth a try.} 21. Bf1 g3 22. Bxg3 (22. fxg3 Bd6 $16) 22... Rxg3 23. fxg3 Qe4 24. Qxe4 (24. Qxh6 Bd5 $14) 24... Bxe4) 21. Rac1 $18 Rd5 ({Don't blunder} 21... Qc6 $2 22. Rxc5 Bxc5 23. Rxc5 $18) 22. Rxb4 ({Weaker is} 22. Qxh6 Qc6 $16) 22... Rxe5 23. dxe5 g3 {intending ...gxf2+.} 24. f4 Kb8 25. Rb3 {White is clearly winning.} Ka8 26. Bf3 Bxf3 27. Rxf3 Rg6 (27... Bd8 $142 28. Rcc3 Kb8 29. Rxg3 Rh8) 28. h5 {Precision: White = 57%, Black = 20%.} 1-0

[Event "V. Korchnoy Memorial 2018"]
[Site "St. Petersburg"]
[Date "2018.08.18"]
[Round "4"]
[White "Ponkratov, Pavel"]
[Black "Afanasiev, Nikita"]
[Result "1-0"]
[WhiteElo "2605"]
[BlackElo "2473"]
[Annotator "TA"]
[PlyCount "119"]
[EventDate "2018.08.15"]
[EventType "swiss"]
[EventCountry "RUS"]
[SourceTitle "playchess.com"]
[Source "ChessBase"]
[SourceQuality "1"]

{[%evp 9,119,16,30,19,35,17,25,-8,27,20,15,-20,41,29,17,29,30,0,0,0,-3,-7,10,16,63,56,49,49,70,68,60,52,95,91,99,90,116,116,116,114,114,116,113,119,115,104,114,121,117,106,118,120,162,94,110,102,103,91,93,22,23,22,24,22,22,22,25,20,23,25,28,0,11,7,10,0,0,0,11,0,0,0,0,0,0,0,0,0,0,0,0,0,491,0,495,487,487,487,487,487,2571,2413,933,11246,12837,12837,12844,12844,12845,12845,12845,12846]} 1. e4 d6 2. d4 Nf6 3. Nc3 e5 4. Nge2 c6 5. f3 (5. g3 b5 6. Bg2 Bb7 7. O-O Nbd7 8. h3 h5 9. a3 Be7 10. Be3 a5 11. d5 b4 12. dxc6 Bxc6 13. Nd5 Nxd5 14. exd5 {1-0 (43) Carlsen,M (2837)-Bologan,V (2732) Astana 2012}) 5... h5 {LiveBook: 8 Games} 6. a4 {B07: Pirc Defence: Miscellaneous Systems} Be7 7. Be3 Nbd7 8. a5 $146 {White has an edge.} ({Predecessor:} 8. Ng3 g6 9. Bc4 h4 10. Nge2 d5 11. exd5 Nb6 12. Bb3 Nbxd5 13. Bf2 exd4 14. Qxd4 Nxc3 15. Nxc3 Qxd4 16. Bxd4 {½-½ (34) Schula,M (2300)-Malaniuk,V (2518) Prague 2011}) 8... Qc7 9. Qd2 O-O 10. Ng3 Re8 (10... exd4 $11 11. Bxd4 (11. Qxd4 Ne5 $11) 11... Ne5) 11. d5 $14 cxd5 12. exd5 a6 13. Be2 b5 14. axb6 Nxb6 15. Bg5 Bb7 {[%cal Rf6d5]} 16. Nf5 $36 {[%mdl 2048] White has some pressure.} Nfxd5 17. Bxe7 $1 Nxe7 18. Qxd6 Rac8 19. Qxc7 Rxc7 20. Nd6 Ra8 21. Nxb7 Rxb7 22. Rxa6 Rxa6 23. Bxa6 Ra7 24. Bd3 Ra1+ 25. Nd1 Na4 26. O-O Nd5 27. b3 Nc5 28. Bc4 Nb6 29. Ne3 Ra2 30. Bb5 Ne6 31. Rc1 (31. Rd1 $18) 31... Nd4 32. Bf1 Kf8 33. b4 Rb2 34. c4 (34. c3 $16 Ne2+ 35. Bxe2 Rxe2 36. Nf5) 34... Rxb4 $11 35. c5 Nc8 $1 36. Nd5 Rb2 37. c6 Ne2+ 38. Bxe2 $1 Rxe2 {[%mdl 4096] Endgame KRN-KRN} 39. Rc5 f6 40. f4 (40. Kf1 $5 {[%cal Rf1e2]} Rd2 41. f4 $14) 40... h4 41. Kf1 Re4 42. f5 Ke8 43. Kf2 Kd8 44. Kf3 Rd4 45. g4 Rd3+ 46. Kg2 Rb3 47. Ra5 Rd3 48. Rb5 Nd6 49. Rc5 {[#] Strongly threatening c7+.} Nc8 50. Ra5 Nd6 $2 {[%mdl 8192]} (50... Rb3 $11) 51. Ra8+ $18 Nc8 52. Nb6 $1 {White is clearly winning.} Kc7 53. Nxc8 {KRN-KR} Rd8 54. Ra7+ Kxc8 (54... Kxc6 $142 55. Ne7+ (55. Rxg7 Rxc8 56. Rf7 e4 $16) 55... Kb6) 55. Rxg7 {KR-KR} Rd6 56. c7 (56. Kh3 $142 Rxc6 57. Kxh4) 56... Rd3 57. g5 fxg5 58. f6 {[%cal Bf5f6,Bf6f7][%mdl 32]} h3+ 59. Kf2 e4 60. f7 {Precision: White = 59%, Black = 61%.} 1-0

[Event "V. Korchnoy Memorial 2018"]
[Site "St. Petersburg"]
[Date "2018.08.18"]
[Round "4"]
[White "Chigaev, Maksim"]
[Black "Golubov, Saveliy"]
[Result "1-0"]
[WhiteElo "2577"]
[BlackElo "2470"]
[Annotator "TA"]
[PlyCount "71"]
[EventDate "2018.08.15"]
[EventType "swiss"]
[EventCountry "RUS"]
[SourceTitle "playchess.com"]
[Source "ChessBase"]
[SourceQuality "1"]

{[%evp 12,71,44,44,59,43,41,47,45,41,89,80,86,64,83,75,74,56,72,69,87,35,56,57,63,41,64,54,80,80,80,80,80,79,136,136,136,136,136,136,136,136,136,136,136,141,142,108,132,131,147,151,248,248,247,237,235,236,241,238,224,223]} 1. e4 e5 2. Nf3 Nf6 3. Nxe5 d6 4. Nf3 Nxe4 5. Bd3 Nc5 (5... d5 6. O-O Be7 7. Re1 Nd6 8. Nc3 c6 9. b3 O-O 10. Ba3 Bg4 11. h3 Bh5 12. Qe2 Bf6 13. Qe3 Re8 {1-0 (36) Grischuk,A (2766)-Caruana,F (2816) Leuven 2018}) 6. Be2 {C42: Russische Verteidigung (Petrow)} d5 7. d4 {LiveBook: 13 Partien} Ne6 8. O-O {Weiß steht etwas besser.} Bd6 9. c4 c6 10. Nc3 dxc4 $146 ({Vorgänger:} 10... O-O 11. Ne5 dxc4 12. f4 Bc7 13. Be3 {0-1 (29) Eliseev,N (2069)-Mingachev,M (2337) Oktjabrsky 2004}) 11. Bxc4 O-O 12. Re1 Na6 13. d5 cxd5 14. Bxd5 Nb4 15. Bc4 Be7 16. a3 (16. Qe2 $16) 16... Qxd1 17. Rxd1 Nc6 18. Nd5 Bd8 19. Be3 $36 {[%mdl 2048] Weiss steht aktiver.} b6 20. Rac1 Bb7 21. b4 Rc8 22. h3 Nc7 ({Besser ist} 22... Re8) 23. Nxc7 $16 Bxc7 24. Rd7 Nb8 25. Rxf7 Rxf7 26. Ng5 Bh2+ 27. Kxh2 Rxc4 28. Rxc4 Re7 29. Bf4 Nc6 30. Bd6 {Weiß steht deutlich besser.} Rd7 31. Re4 $1 {[%cal Re4e8]} Rd8 {[#]} (31... g6 $16) 32. b5 $1 $18 h6 33. Bc7 ({Keinesfalls} 33. bxc6 $6 Bxc6 34. Re6 hxg5 $16) 33... Rc8 34. bxc6 Bxc6 {[#]} 35. Re7 $1 hxg5 36. Be5 {Precision: Weiß = 86%, Schwarz = 60%.} 1-0

[Event "V. Korchnoy Memorial 2018"]
[Site "St. Petersburg"]
[Date "2018.08.18"]
[Round "4"]
[White "Vavulin, Maksim"]
[Black "Duzhakov, Ilya"]
[Result "1-0"]
[WhiteElo "2545"]
[BlackElo "2441"]
[Annotator "TA"]
[PlyCount "45"]
[EventDate "2018.08.15"]
[EventType "swiss"]
[EventCountry "RUS"]
[SourceTitle "playchess.com"]
[Source "ChessBase"]
[SourceQuality "1"]

{[%evp 11,45,16,24,15,158,165,162,171,169,183,216,219,331,328,477,470,500,375,791,820,828,566,784,780,783,777,780,783,781,785,791,778,777,782,743,723]} 1. e4 c5 2. Nf3 d6 3. Nc3 Nf6 4. e5 dxe5 5. Nxe5 Nbd7 6. d4 {B50: Sicilian: 2...d6, Miscellaneous} e6 {LiveBook: 35 Games} (6... Nxe5 7. dxe5 Qxd1+ 8. Kxd1 Ng4 9. Bb5+ Bd7 10. e6 Bxb5 11. Nxb5 O-O-O+ 12. Ke2 a6 13. Nc3 fxe6 {1-0 (41) Mamedov,R (2688)-Li,C (2720) Doha 2016}) 7. Bf4 Qa5 $146 {[#]} (7... Be7 $11) ({Predecessor:} 7... Be7 8. dxc5 Bxc5 9. Bb5 O-O 10. O-O Nxe5 11. Bxe5 Qxd1 12. Raxd1 a6 13. Be2 b5 {½-½ (40) Jarmula,L (2463)-Mista,A (2587) Krakow 2017}) 8. Nc4 $1 $16 {[%cal Rc4a5] White is clearly better.} Qd8 9. Nd6+ Bxd6 10. Bxd6 Qb6 11. Nb5 {dxc5 is the strong threat.} Nd5 (11... c4 {keeps fighting.}) 12. dxc5 $18 Nxc5 (12... Qa5+ $142 13. c3 a6) 13. Qd4 Qa5+ 14. Kd1 Na4 $2 {[#]} (14... Ne4 15. Qxe4 Bd7) 15. Qxg7 {White is clearly winning.} a6 16. Qxh8+ Kd7 17. Na3 b5 18. Be5 Bb7 19. Qg7 Ke8 20. Bd3 Qb4 21. Ke2 Nf4+ 22. Bxf4 Qxf4 23. Rad1 1-0

[Event "V. Korchnoy Memorial 2018"]
[Site "St. Petersburg"]
[Date "2018.08.18"]
[Round "4"]
[White "Gagare, Shardul"]
[Black "Askerov, Marat"]
[Result "1-0"]
[WhiteElo "2490"]
[BlackElo "2300"]
[Annotator "TA"]
[PlyCount "109"]
[EventDate "2018.08.15"]
[EventType "swiss"]
[EventCountry "RUS"]
[SourceTitle "playchess.com"]
[Source "ChessBase"]
[SourceQuality "1"]

{[%evp 27,109,20,23,13,27,13,13,13,13,13,13,13,13,13,51,61,47,27,27,27,27,-35,94,86,83,87,89,90,90,95,118,117,118,117,259,248,252,247,237,232,190,185,185,185,184,184,581,581,572,544,595,583,929,927,1004,992,927,823,1665,1467,5510,4788,29967,29968,29969,29971,29971,29972,29972,29972,29972,29974,29975,29977,29981,29982,29981,29982,29982,29983,29986,29987,29987,29988]} 1. d4 Nf6 2. c4 e6 3. Nc3 Bb4 4. e3 O-O 5. Bd3 d5 6. Nf3 dxc4 7. Bxc4 c5 8. O-O b6 9. Qe2 Nbd7 10. Rd1 cxd4 11. exd4 Bxc3 12. bxc3 Bb7 13. Bd3 Qc7 14. c4 Rac8 {LiveBook: 6 Games} 15. Ba3 {E55: Nimzo-Indian: Rubinstein: Main Line: 7...dxc4 8 Bxc4 Nbd7} (15. Bb2 Qf4 16. Qe3 Nh5 17. Be2 Rfd8 18. a4 Qe4 19. Ra3 Qc2 20. Rd2 Qb1+ 21. Bf1 Nhf6 22. Qe2 Qf5 {0-1 (70) Bu,X (2677)-Xiu,D (2508) Xinghua Jiangsu 2011}) 15... Rfd8 16. Ne5 Nxe5 $146 ({Predecessor:} 16... Nf8 17. Bb2 Ng6 18. Nxg6 hxg6 19. Qe3 Qc6 20. Bf1 Ba6 21. Rdc1 Qb7 {½-½ (47) Manolache,M (2513)-Perunovic,M (2407) Belgrade 2007}) 17. dxe5 {The position is equal.} Nd7 18. Be7 Re8 19. Bd6 $1 {[%cal Rd6c7]} (19. Qh5 g6 $17) 19... Qc6 {[%csl Gb7][%cal Rc6g2] [#]} 20. f3 {Threatens to win with Be4.} Nc5 21. Bc2 Ba6 22. Rd4 $40 {[%mdl 128] Black needs to defend precisely.} Nb7 {[%cal Ra6c4]} 23. Be4 Qa4 24. Qd3 (24. Bxb7 $11 Bxb7 25. Qd3) 24... Rxc4 (24... Nxd6 $15 {keeps the upper hand.} 25. exd6 Rxc4 26. Bxh7+ (26. d7 Rd8 $17) 26... Kf8) 25. Bxb7 $1 $16 {[#] aiming for Rxc4.} ({But not} 25. Bxh7+ $6 Kh8 $11) 25... Rxd4 26. Qxa6 Rd1+ 27. Rxd1 Qxd1+ 28. Qf1 Qxf1+ 29. Kxf1 g5 30. Ke2 Kg7 (30... Rd8 $16 31. g4 f6) 31. Kd3 $18 f6 32. Kc4 fxe5 33. Bxe5+ Kf7 34. Kb5 {Black must now prevent a4.} Rd8 35. a4 Rd2 36. Ka6 b5 $2 (36... Rc2 {is a better chance.}) 37. Kxb5 Rxg2 38. Ka6 Re2 39. Bb8 Kf6 40. Kxa7 Ra2 41. Bc6 e5 42. h3 {[%cal Bh2h3,Bh3g4][%mdl 32]} h5 43. Kb6 g4 44. fxg4 hxg4 45. hxg4 {White mates.} e4 46. a5 e3 47. a6 Kg5 48. Bg3 Kxg4 49. Be1 Kh3 50. a7 Kh2 51. a8=Q ({Not} 51. Ba5 Rxa5 52. Kxa5 e2 $11) 51... Rxa8 52. Bxa8 Kg1 53. Be4 e2 54. Bd3 Kf1 55. Bh4 {Precision: White = 79%, Black = 34%.} 1-0

[Event "V. Korchnoy Memorial 2018"]
[Site "St. Petersburg"]
[Date "2018.08.18"]
[Round "4"]
[White "Usmanov, Vasily"]
[Black "Kamsky, Gata"]
[Result "1/2-1/2"]
[WhiteElo "2483"]
[BlackElo "2675"]
[Annotator "TA"]
[PlyCount "103"]
[EventDate "2018.08.15"]
[EventType "swiss"]
[EventCountry "RUS"]
[SourceTitle "playchess.com"]
[Source "ChessBase"]
[SourceQuality "1"]

{[%evp 18,103,57,39,53,11,19,10,31,0,0,0,0,0,0,0,45,43,45,38,45,42,54,46,51,50,60,53,70,0,0,0,0,0,0,0,0,0,0,0,0,-63,0,0,0,0,0,0,0,0,0,0,0,0,0,0,0,0,0,0,0,0,0,0,0,0,0,0,0,0,0,0,0,0,0,0,0,0,0,0,0,-145,0,-145,0,-145,0,-145]} 1. d4 Nf6 2. c4 g6 3. g3 Bg7 4. Bg2 O-O 5. Nc3 d6 6. Nf3 c6 7. O-O Bg4 8. h3 Bxf3 9. Bxf3 Nbd7 10. b3 {LiveBook: 11 Games} Re8 {E62: King's Indian: Fianchetto: 6...c6 and Panno Variation (6...Nc6) without ...a6} 11. Qc2 e5 $146 ({Predecessor:} 11... Rc8 12. Bb2 a6 13. Rfd1 b5 14. Ne4 Nxe4 15. Bxe4 d5 16. Bg2 Qa5 17. e3 e6 18. Bf1 dxc4 19. bxc4 {½-½ (29) Izsak,G (2400)-Groszpeter,A (2540) Hungary 1997}) 12. Be3 d5 13. cxd5 (13. dxe5 {looks sharper.} Nxe5 14. Rad1 Nxf3+ 15. exf3 Rc8 16. cxd5 Nxd5 17. Nxd5 cxd5 18. Qd3) 13... Nxd5 14. Nxd5 {Hoping for Nb4.} exd4 15. Rad1 dxe3 16. Nxe3 Rxe3 17. fxe3 Qe7 18. Kg2 Ne5 19. Rd2 h5 20. Qe4 Re8 21. Rfd1 Bf6 22. Rd6 h4 23. Rxf6 (23. g4 $14) 23... Qxf6 $11 24. Qxh4 Qxh4 25. gxh4 Nxf3 26. Kxf3 $14 {[%mdl 4096] Endgame KR-KR} Re5 27. e4 Ra5 28. Kf4 Rxa2 29. Rd7 ({Better is} 29. Rd8+ $11 Kg7 30. e5) 29... b6 ({Black should play} 29... b5 $1 $15) 30. e5 $11 Rxe2 31. Rxa7 Rf2+ 32. Kg4 Rf5 33. Ra8+ Kg7 34. Re8 c5 35. e6 fxe6 36. Rxe6 b5 37. Rb6 b4 38. Rc6 Rd5 39. Rc7+ Kh6 40. Rc8 Rd4+ 41. Kg3 Rd3+ 42. Kg4 Rc3 (42... Rxb3 $2 43. Rxc5 Rb1 44. Rc2 $19) 43. Rc7 Rc1 (43... Rxb3 $2 44. Rxc5 Rb1 45. Rc2 $19) 44. Kf4 Rc2 45. Kg3 Rc3+ 46. Kg4 Rxb3 47. Rxc5 Rb1 {[#] Strongly threatening ...b3.} 48. Rb5 b3 (48... Kg7 $11) 49. Kg3 $17 Kg7 (49... b2 $17 {...Rg1+ is the strong threat.} 50. Kh2 Kg7) 50. Rb6 (50. h5 $11 {keeps the balance.}) 50... Kh6 51. Rb5 Kg7 52. Rb6 {Precision: White = 75%, Black = 62%.} 1/2-1/2

[Event "V. Korchnoy Memorial 2018"]
[Site "St. Petersburg"]
[Date "2018.08.18"]
[Round "4"]
[White "Shoker, Samy"]
[Black "Zvjaginsev, Vadim"]
[Result "0-1"]
[WhiteElo "2482"]
[BlackElo "2643"]
[Annotator "TA"]
[PlyCount "106"]
[EventDate "2018.08.15"]
[EventType "swiss"]
[EventCountry "RUS"]
[SourceTitle "playchess.com"]
[Source "ChessBase"]
[SourceQuality "1"]

{[%evp 15,106,-45,-46,-54,-44,-62,-49,-62,-42,-47,-43,-62,-53,-68,-69,-66,-44,-48,-44,-45,-44,-45,-45,-73,-52,-51,-59,-46,-41,-35,-35,-42,-29,-46,-28,-20,-25,-22,-14,-66,-45,-106,-102,-119,-126,-113,-64,-99,-107,-142,-148,-145,-153,-182,-220,-202,-210,-166,-166,-323,-202,-208,-213,-168,-170,-222,-229,-588,-588,-580,-580,-544,-556,-481,-420,-1108,-1126,-1053,-679,-1065,-902,-1089,-1081,-1225,-1090,-916,-714,-29973,-29974,-29974,-29975,-29973,-29960]} 1. g3 d5 2. Bg2 c5 3. Nf3 Nc6 4. O-O e5 5. d3 Be7 6. c4 Nf6 7. cxd5 Nxd5 8. Nc3 Be6 {LiveBook: 51 Games} 9. Qa4 {Black should prevent Nxe5. A30: Symmetrical English: Double Fianchetto and Hedgehog} (9. Bd2 O-O 10. Rc1 f6 11. a3 Qd7 12. Nxd5 Bxd5 13. Qa4 Rfd8 14. Rfe1 Kh8 15. Qh4 Rac8 16. b4 b6 17. Bh3 Be6 18. Bxe6 Qxe6 19. Rc4 Nd4 20. Nxd4 Rxd4 21. Rxd4 exd4 22. bxc5 Bxc5 {½-½ (38) Cordova,E (2637)-Zhou,J (2630) Atlantic City 2016}) 9... O-O 10. Bd2 Nb6 11. Qd1 {Black is slightly better.} f6 12. Rc1 Rc8 13. Ne4 $146 ({Predecessor:} 13. Na4 Nd7 14. a3 b5 15. Nc3 {0-1 (28) Radovic,L (1910)-Tomic,S (2082) Paracin 2011}) 13... c4 14. Be3 cxd3 15. exd3 Nd5 {[%cal Bb6d5,Bd5e3,Be3d1][%mdl 32]} 16. Nc5 Nxe3 17. Nxe6 Nxd1 18. Nxd8 Nxb2 19. Nxc6 Rxc6 20. Nh4 Rxc1 21. Rxc1 f5 22. Rc7 Bxh4 23. Bd5+ Kh8 {Hoping for ...Bd8.} 24. gxh4 Nxd3 25. Rxb7 $11 {[%mdl 4096] Endgame KRB-KRN} Nf4 26. Bc4 Rc8 27. Rxa7 (27. Bf1 $11) 27... g5 $15 28. Ra4 (28. Bf1 $15) 28... gxh4 29. Rb4 Rd8 {Strongly threatening ...Rd1+.} 30. Rb1 Ra8 31. Kf1 Kg7 32. Ke1 Kf6 33. Kd2 Ra3 34. Rb6+ Kg5 35. Bb3 Kg4 36. Rb5 e4 37. Kc3 $2 (37. Ke3 Ne6 38. Rd5) 37... Nd3 38. f3+ Kxf3 {...f4 is the strong threat.} 39. Rxf5+ Ke3 $1 40. Rh5 (40. Rf7 $142) 40... Ra7 $19 41. a4 $2 (41. Bc4) 41... Rc7+ 42. Bc4 {[#]} Nb2 $1 {[%mdl 512]} 43. Kxb2 {aiming for Kc3.} Rxc4 {KR-KR} 44. a5 Kf3 45. Kb3 (45. Rf5+ $142 Kg2 46. Kb3) 45... Rc7 46. Rf5+ Kg4 47. Re5 {[#]} Kf4 $1 {[%cal Rf4e5]} 48. Re8 e3 {[%cal Be4e3,Be3e2][%mdl 32]} 49. Rf8+ Ke4 50. Re8+ Kf3 51. Kb4 Rf7 {Black mates.} 52. a6 e2 53. Kc3 Kf2 {Precision: White = 46%, Black = 77%.} 0-1

[Event "V. Korchnoy Memorial 2018"]
[Site "St. Petersburg"]
[Date "2018.08.18"]
[Round "4"]
[White "Kozionov, Kirill"]
[Black "Stupak, Kirill"]
[Result "1/2-1/2"]
[WhiteElo "2461"]
[BlackElo "2573"]
[Annotator "TA"]
[PlyCount "34"]
[EventDate "2018.08.15"]
[EventType "swiss"]
[EventCountry "RUS"]
[SourceTitle "playchess.com"]
[Source "ChessBase"]
[SourceQuality "1"]

{[%evp 11,34,37,37,28,28,28,47,39,55,44,39,33,31,18,27,30,63,12,25,25,25,0,29,0,36]} 1. d4 g6 2. c4 Bg7 3. e4 d6 4. Nc3 e5 5. d5 Nf6 6. h3 {A42: Modern Defence: Averbakh Variation} Na6 {LiveBook: 6 Games} (6... O-O 7. Be3 a5 8. g4 Na6 9. Nge2 Nc5 10. Ng3 c6 11. g5 Nfd7 12. dxc6 bxc6 13. Qxd6 Ne6 14. O-O-O Nd4 15. h4 Re8 {1-0 (29) Salem,A (2642)-El Taher,F (2483) Sharjah 2018}) 7. b4 O-O $146 ({Predecessor:} 7... c5 8. b5 Nc7 9. Bg5 h6 10. Be3 Nh7 11. Qd2 Bf6 12. h4 h5 13. g3 Kf8 {½-½ (55) Bernasek,J (2464)-Hausner,I (2407) Slovakia 2011}) 8. a3 {White has an edge.} c5 9. Rb1 Nh5 10. Be3 f5 11. exf5 Bxf5 12. Rb3 {[#] Black must now prevent g4.} Bd7 13. Qd2 b6 14. Bg5 ({White should play} 14. Nge2 $14) 14... Bf6 $11 15. Bh6 Bg7 16. Bg5 Bf6 17. Bh6 Bg7 $1 1/2-1/2